| 000 | 00626nam a2200193Ia 4500 | ||
|---|---|---|---|
| 003 | GCL | ||
| 008 | 140319s9999 xx 000 0 ara d | ||
| 040 |
_aGCL / _cGCL |
||
| 082 | 0 | 4 |
_a243 _bاا |
| 100 | 1 | _aالسيد محمد صديق حسن | |
| 245 | 1 | 0 |
_aالاذاعة: لما كان وما يكون بين يدى الساعة / _cالسيد محمد صديق حسن |
| 260 |
_a[S.N] : _bدار المدنى للطباعة والنشر والثقافة ، _c1986 |
||
| 300 | _a161 ص | ||
| 490 | _a | ||
| 650 | 0 | 4 | _aالاسلام |
| 650 | 0 | 4 | _aالثواب والعقاب |
| 650 | 0 | 4 | _aالبعث |
| 942 |
_2ddc _cBK |
||
| 999 |
_c53481 _d53481 |
||